| 000 | 00349nam a2200121Ia 4500 | ||
|---|---|---|---|
| 005 | 20251222175924.0 | ||
| 008 | 251222s9999||||xx |||||||||||||| ||spa|| | ||
| 020 | _a8436249534 | ||
| 082 | _a331/P11 | ||
| 100 | _aPalací Descals, Francisco José | ||
| 245 | 0 | _aEl Nuevo Mercado Laboral Estrategias de Inserción y Desarrollo Profesional | |
| 942 | _cLIB | ||
| 999 |
_c40776 _d40776 |
||